| 000 | 00360nam a22001451a 4500 | ||
|---|---|---|---|
| 020 | _a9788120714175 | ||
| 082 |
_a225 _bOPG/S |
||
| 100 | _aO P Ghai | ||
| 245 |
_aSelections from the Bible: _bthe new testament/ _cby O P Ghai |
||
| 260 |
_aNew Delhi: _bSterling, _c1996. |
||
| 300 | _a103p. | ||
| 650 | _aBible New Testament | ||
| 650 | _aReligion | ||
| 942 | _cBK | ||
| 999 |
_c41308 _d41308 |
||